000 01125aab a2200229 4500
001 768714001
003 CO-MdFUSB
005 20240612124014.0
008 170512s1996 cr ||||| |||| 00| 0 spa d
022 _a1409-1968
040 _aCO-MdFUSB
_bspa
_cCO-MdFUSB
_dCO-MdFUSB
041 _aspa
100 1 _aWittig, Randall M.
_eautor
245 1 0 _aCómo ganar hombres
_c/ Randall M. Wittig
300 _aVolumen 13. Número 4 (1996), páginas 5-10
_c: 27 cm.
520 _aPara ganar hombres hay que desarrollar un programa especial, un programa que tome en cuenta las realidades y necesidades de los hombres. En este artículo se habla sobre varios conceptos vitales para tener en cuenta al momento de crear un programa para hombres: Un mensaje que enfatiza la responsabilidad del hombre, que lo llama a la excelencia y que le presenta las demandas y el desafío del evangelio, atraerá a los hombres.
546 _aTexto en español
653 _aProgramas para hombres
773 0 _tApuntes Pastorales
_049442
_977113
_gVolumen 13. Número 4 (1996), páginas 5-10
_qPágina 5
942 _cANA
945 _aJTF-925
999 _c55491
_d55491